Las Más bellas historias de la Mitología / (Registro nro. 30268)
[ vista simple ]
| 000 -LEADER | |
|---|---|
| fixed length control field | 00556nam a22001457a 4500 |
| 003 - CONTROL NUMBER IDENTIFIER | |
| control field | OSt |
| 005 - DATE AND TIME OF LATEST TRANSACTION | |
| control field | 20250808103525.0 |
| 008 - FIXED-LENGTH DATA ELEMENTS--GENERAL INFORMATION | |
| fixed length control field | 230920b |||||||| |||| 00| 0 eng d |
| 040 ## - CATALOGING SOURCE | |
| Transcribing agency | CO-JMCR |
| 082 04 - DEWEY DECIMAL CLASSIFICATION NUMBER | |
| Classification number | LM |
| Item number | MASw |
| 100 10 - MAIN ENTRY--PERSONAL NAME | |
| Personal name | Wolf, Tony, |
| Relator term | autor |
| 9 (RLIN) | 42925 |
| 245 ## - TITLE STATEMENT | |
| Title | Las Más bellas historias de la Mitología / |
| Statement of responsibility, etc. | Tony Wolf |
| 520 ## - SUMMARY, ETC. | |
| Summary, etc. | Extraordinarias aventuras de dioses héroes del olimpo, ilustradas por Tony Wolf, para que los niños más pequeños se vayan a la cama con estas maravillosas leyenda de hace muchos, muchos años. |
| 942 ## - ADDED ENTRY ELEMENTS (KOHA) | |
| Source of classification or shelving scheme | Dewey Decimal Classification |
| Koha item type | Books |
| Withdrawn status | Lost status | Source of classification or shelving scheme | Damaged status | Not for loan | Collection code | Home library | Current library | Date acquired | Total Checkouts | Full call number | Barcode | Date last seen | Date last checked out | Copy number | Price effective from | Koha item type |
|---|---|---|---|---|---|---|---|---|---|---|---|---|---|---|---|---|
| Dewey Decimal Classification | Fiction | Biblioteca Pública José María del Castillo y Rada | Biblioteca Pública José María del Castillo y Rada | 09/20/2023 | 1 | LM MASw | 201811582 | 09/27/2023 | 09/22/2023 | Ej.1 | 09/20/2023 | Books |